Toutes les équipes battu par Manchester United - Statistiques

Statistiques générales
  • Ce quiz a été pris 115 fois
  • Le résultat moyen est 37 sur 185
Statistiques - réponses
Nombre de victoire Equipe % Correct
57 Manchester City
94%
62 Chelsea
92%
73 Arsenal
90%
2 Real Madrid
80%
84 Tottenham
75%
74 Everton
71%
2 Bayern
70%
4 Barcelone
69%
2 Paris
69%
79 Aston Villa
68%
67 Newcastle
68%
64 West Ham
67%
6 Juventus
64%
45 Leicester
62%
2 Marseille
62%
3 Dortmund
61%
2 Inter Milan
59%
39 Leeds
57%
2 Lyon
57%
19 Brighton
54%
43 Wolverhampton
51%
43 Nottingham
49%
3 Ajax
47%
33 Crystal Palace
47%
32 Burnley
46%
62 Southampton
46%
3 Lille
44%
5 Rome
44%
46 Fulham
43%
2 Villarreal
41%
3 Brentford
40%
3 Saint Etienne
39%
41 Sunderland
39%
8 Benfica
38%
3 Sporting
38%
10 Bournemouth
36%
3 Porto
36%
2 Bordeaux
35%
1 Leipzig
35%
23 Watford
35%
33 Birmingham
34%
37 Norwich
34%
10 Cardiff
33%
6 Milan AC
33%
35 Blackburn
32%
30 Sheffield United
32%
2 Betis
31%
12 Swansea
30%
1 Atalanta
29%
2 PSV
29%
1 Fiorentina
28%
2 Valence
28%
49 West Brom
28%
12 Hull City
27%
22 Luton
27%
5 Anderlecht
26%
2 Celtic Glasgow
26%
1 Nantes
26%
32 QPR
26%
2 Schalke
26%
35 Derby
25%
3 Real Sociedad
25%
36 Stoke City
25%
2 Young Boys
25%
3 Feyenoord
24%
2 Galatasaray
24%
39 Coventry
23%
3 Glasgow Rangers
23%
28 Ipswich
22%
4 Bayer Leverkusen
20%
44 Middlesbrough
20%
2 Bale
19%
25 Portsmouth
19%
34 Sheffield Wednesday
19%
1 Montpellier
18%
18 Wigan
18%
38 Bolton
17%
3 Bruges
17%
2 Copenhague
17%
1 Besiktas
16%
2 Braga
16%
15 Huddersfield
16%
3 Wolfsburg
16%
10 Reading
15%
1 AZ
14%
1 ETO
14%
4 CSKA Moscou
13%
2 Etoile Rouge
13%
3 Fenerbahce
13%
25 Blackpool
12%
3 Deportivo
12%
6 Millwall
12%
4 Northampton
11%
5 Olympiakos
11%
7 Oxford
11%
18 Preston
11%
3 Rotherham
10%
4 Barnsley
9%
1 Celta Vigo
9%
2 Dinamo
9%
1 Strasbourg
9%
5 Bradford
8%
4 Bristol City
8%
29 Charlton
8%
1 Stuttgart
8%
2 Burton
7%
1 Legia
7%
3 Panathinaikos
7%
1 Sparta Prague
7%
2 Brondby
6%
1 Ferencvaros
6%
9 Oldham
6%
2 Omonia
6%
3 Rapid Vienne
6%
1 Shakhtar
6%
1 Athletic Bilbao
5%
2 Cambridge
5%
1 Basaksehir
4%
2 Boavista
4%
1 Chester
4%
3 Colchester
4%
2 Exeter
4%
1 Goteborg
4%
3 Partizan
4%
2 Sheriff
4%
2 Swindon
4%
3 Wrexham
4%
2 Yeovil
4%
1 Astana
3%
1 Carlisle
3%
1 Cluj
3%
1 Midtjylland
3%
1 Rostov
3%
4 Sturm Graz
3%
1 Willem
3%
3 York City
3%
2 Bristol Rovers
2%
2 Bursaspor
2%
3 Bury
2%
2 Crewe
2%
1 Dundee
2%
2 LASK
2%
2 Leyton
2%
1 Maccabi Haifa
2%
6 Port Vale
2%
1 Rochdale
2%
1 Scunthorpe
2%
1 Aalborg
1%
1 Crawley
1%
2 Debrecen
1%
2 Granada
1%
2 HJK
1%
1 Lodz
1%
5 Notts County
1%
1 Osaka
1%
2 Otelul Galati
1%
1 Palmeiras
1%
1 Quito
1%
1 Walsall
1%
1 Aldershot
0%
1 Athinaikos
0%
1 Barnet
0%
1 Dinamo Zagred
0%
1 Djurgarden
0%
17 Dons
0%
1 Dukla Prague
0%
3 Dynamo Kyiv
0%
1 Gornik Zabrze
0%
2 Halifax
0%
1 Hibernians
0%
2 Honved
0%
2 Kosice
0%
2 Pecsi
0%
1 Rovers
0%
1 Sarajevo
0%
2 Shamrock Rovers
0%
1 Shrewsbury
0%
1 South Melbourne
0%
1 Videoton
0%
2 Vorwarts
0%
2 Waterford
0%
1 Workington
0%
1 Zalaegerszeg
0%
2 ZhSK Spartak
0%
2 Zorya
0%
Aucun quiz correspondant
Distribution des résultats
% des personnes avec chaque résultat
Percentile par nombre de réponses
Votre historique - résultats
Vous n’avez pas pris ce quiz